00636nam a2200217Ia 4500003000900000008004100009040001300050040001300063041000800076100002200084245003200106250001200138260000800150260000900158300001100167300001000178490000600188942000700194999001700201952020000218IT-RoPAU120407s9999 xx 000 0 und d aIT-RoPAU cIT-RoPAU aita aGiorgio Petrocchi aIl Paradiso di Dante. 2a ed aMilano  aBur c1987 a132 p. c18 cm v1 cBK c25228d25228 00102ddc406854_14200000000000071aPAULUSbPAULUSd2012-04-11l0o854.142r2012-04-11 00:00:00w2012-04-11yBKzInserito da: Mario In data: 19 settembre 2011 fondo: Via A.Severo 56 Progr:13671